AK’s General Knowledge A-Z #13 - Statistics

General Stats
  • This quiz has been taken 780 times
  • The average score is 19 of 26
Answer Stats
Hint Answer % Correct
G – something you may chew, or the thing to which your chewing tools are attached Gum
93%
Q – host of the 2022 FIFA World Cup Qatar
93%
L – Chronicles of Narnia author C. S., or first name of Formula One driver Hamilton Lewis
91%
Y – a small area surrounding or associated with a house, or 0.9144 metres Yard
91%
P – quietly in Italian, or what usually has 88 keys Piano
90%
I – Christopher Nolan movie with Al Pacino, or a sleeping disorder Insomnia
89%
X – short wavelength electromagnetic radiation used to create images X-ray
89%
J – first name of “Queen of Folk” Baez, or someone of Arc who saved Orléans but ended up in a hot place Joan
88%
T – you have to pay this in real life, as well as in Monopoly in dedicated squares Tax
88%
V – something that you nowadays usually do with your phone, but which, in the 80s, referred to VHS format or VCR Video
87%
C – an icy, small Solar System body with a tail Comet
86%
R – first name of comic strip private detective Kirby, or what Jack did in London in 1888 Rip
86%
N – when you have two or more computers connected to each other, you have this Network
84%
M – Trinidadian-American rapper and singer Nicki, hits include “Super Bass” and “Anaconda” Minaj
83%
S – an important place for hygiene but not very safe in the Bates Motel Shower
80%
F – a British overseas territory in the Atlantic Ocean, capital is Stanley Falkland Islands
78%
Z – what the Democratic Republic of the Congo was known as between 1971 and 1997 Zaire
76%
U – over or above in German Über
72%
A – location of Mount Erebus, the Earth’s southernmost active volcano Antarctica (Ross Island)
63%
H – a geographical region and former province on the western coast of the Netherlands Holland
63%
B – The Verve hit “________ Symphony”, or a word expressing contrasting emotions of pain and pleasure Bittersweet
60%
W – group of animals larger than African bush elephant Whale
58%
E – the royal cypher for the mother of Charles, Anne, Andrew and Edward, or the TV series that made George Clooney famous ER
57%
O – American rock band with 1994 hit “Self Esteem”, or something that means a person’s all children The Offspring
50%
D – Timmy the Dog, George, Anne, Julian and ___ Dick
24%
K – first name of Ishiguro, Nobel Prize in literature in 2017 Kazuo
13%
No matching quizzes found
Score Distribution
Percent of People with Each Score
Percentile by Number Answered
Your Score History
You have not taken this quiz